| 000 | 00865cam a2200277 4500 | ||
|---|---|---|---|
| 001 | J60799 | ||
| 008 | 000000n2000 000 0 eng u | ||
| 035 | _a(Sirsi) u105001 | ||
| 041 | _aeng | ||
| 050 | _a333.337016 | ||
| 110 |
_aCB Hillier Parker _93660 |
||
| 245 | _aHillier Parker rent index. - Quarter 1 2000 - Quarter 2 2000 | ||
| 260 |
_aLondon _bCB Hillier Parker _c2000 |
||
| 300 | _a2 pt. ; 30cm. | ||
| 520 | _aThe rent and yield indices have now merged. For quarter 3 see J62392 CB Hiller Parker Rent and yield monitor market index brief | ||
| 650 | _aHILLIER PARKER RENT INDEX | ||
| 650 | _aINDICES | ||
| 650 | _aINDUSTRIAL PROPERTY | ||
| 650 | _aOFFICES | ||
| 650 | _aRENTS | ||
| 650 | _aSHOPS | ||
| 690 | _aPROPERTY-COMMERCIAL PROPERTY | ||
| 710 |
_aHillier Parker _92054 |
||
| 856 | _uhttps://www.cbhillierparker.com | ||
| 942 | _n0 | ||
| 999 |
_c100317 _d100317 |
||